000 00442cam a2200145 4500500
005 20251012010850.0
041 _afre
042 _adc
100 1 0 _aMichaud, Yves
_eauthor
245 0 0 _aLes sens de l’art
260 _c2011.
500 _a51
786 0 _nPhilosophie magazine | 51 | 7 | 2011-07-01 | p. 4-4 | 1951-1787
856 4 1 _uhttps://shs.cairn.info/magazine-philosophie-magazine-2011-7-page-4?lang=fr&redirect-ssocas=7080
999 _c1520933
_d1520933